[Event "Dundee & Angus Minor"]
[Site "?"]
[Date "2015.10.10"]
[Round "3"]
[White "Dutta, Oishani"]
[Black "Mathieson, Robert"]
[Result "1-0"]
[WhiteElo "840"]
[BlackElo "1114"]
[PlyCount "133"]
[EventDate "2015.??.??"]

1. e4 e5 2. Nf3 Nc6 3. Bb5 Bc5 4. O-O d6 5. c3 Bg4 6. h3 h5 7. d4 Bxf3 8. Qxf3
exd4 9. cxd4 Bxd4 10. Re1 Qf6 11. Qxf6 Nxf6 12. Nd2 O-O-O 13. Bxc6 bxc6 14. Nc4
Rde8 15. Be3 Bb6 16. Bxb6 axb6 17. e5 dxe5 18. Nxe5 Rhf8 19. Nxc6 Rxe1+ 20.
Rxe1 Re8 21. Rxe8+ Nxe8 22. Kf1 Kb7 23. Ne5 Nd6 24. Ke2 b5 25. Kd3 f6 26. Ng6
Kb6 27. Nf4 Nc4 28. b3 Ne5+ 29. Kd4 Kc6 30. Nxh5 Kd6 31. Nxg7 c5+ 32. Ke4 c4
33. bxc4 b4 34. h4 Nxc4 35. h5 Ne5 36. h6 Nf7 37. h7 Nh8 38. Kd4 Ke7 39. Nf5+
Kf7 40. Kc4 Kg6 41. Ne7+ Kxh7 42. Kxb4 Nf7 43. a4 Nd8 44. Kb5 Kg7 45. Nc6 Nb7
46. Kb6 Nd6 47. a5 Nc4+ 48. Kb7 Nxa5+ 49. Nxa5 Kg6 50. Kc6 Kg5 51. Kd5 f5 52.
Nc4 f4 53. Ke4 Kg4 54. Ne5+ Kg5 55. f3 Kf6 56. Kxf4 Ke6 57. g4 Kf6 58. g5+ Kg7
59. Kf5 Kf8 60. Kf6 Kg8 61. Kg6 Kh8 62. f4 Kg8 63. f5 Kh8 64. f6 Kg8 65. f7+
Kf8 66. Nd3 Ke7 67. Kg7 1-0

[Event "Dundee & Angus Minor"]
[Site "?"]
[Date "2015.10.10"]
[Round "3"]
[White "Birkett, Derek"]
[Black "Hegde, Aditya"]
[Result "1-0"]
[WhiteElo "1035"]
[BlackElo "478"]
[PlyCount "35"]
[EventDate "2015.??.??"]

1. d4 d5 2. c4 e6 3. Nc3 Nf6 4. Bf4 Be7 5. e3 c5 6. Nf3 Nc6 7. Bd3 O-O 8. O-O
Bd6 9. Bg5 e5 10. Nxd5 Bg4 11. h3 Bxf3 12. Qxf3 Re8 13. Nxf6+ gxf6 14. Bxf6 Re7
15. Qg4+ Kf8 16. Bf5 Bc7 17. Qg7+ Ke8 18. Qg8# 1-0

[Event "Dundee & Angus Minor"]
[Site "?"]
[Date "2015.10.11"]
[Round "4"]
[White "Smith, Mark J"]
[Black "Doris, Peter J"]
[Result "0-1"]
[WhiteElo "1178"]
[BlackElo "1256"]
[PlyCount "110"]
[EventDate "2015.??.??"]

1. e4 e6 2. d4 d5 3. Nc3 Nf6 4. Bg5 Be7 5. e5 Ne4 6. Bxe7 Qxe7 7. Qg4 f5 8.
Qh5+ g6 9. Qh6 Nxc3 10. bxc3 b6 11. Nf3 Ba6 12. Bxa6 Nxa6 13. O-O c5 14. Rfd1
c4 15. Re1 Nc7 16. a4 O-O-O 17. a5 b5 18. a6 Kd7 19. Qc1 Rb8 20. Ra5 Kc6 21.
Qa1 g5 22. Nd2 h5 23. Rb1 g4 24. g3 h4 25. Nf1 hxg3 26. fxg3 Rh3 27. Rd1 Rbh8
28. Rd2 Kb6 29. Rf2 Ne8 30. Ra2 Nc7 31. Ra5 Kc6 32. Qb2 Rb8 33. Ra1 Rb6 34. Ra5
Nxa6 35. Qa2 Kb7 36. Qb2 b4 37. cxb4 Qxb4 38. Qxb4 Rxb4 39. c3 Rb3 40. Rfa2 Rh8
41. Ne3 Ra8 42. Ng2 Nc7 43. Nf4 a6 44. R5a4 Nb5 45. Rb2 Re8 46. Rb4 Kc6 47. Kg2
Kd7 48. h4 gxh3+ 49. Kxh3 Rg8 50. Ra2 Rb8 51. Rc2 Nc7 52. Rxb8 Rxb8 53. Kh4 a5
54. Kg5 a4 55. Ra2 Ra8 0-1

[Event "Dundee & Angus Minor"]
[Site "?"]
[Date "2015.10.11"]
[Round "4"]
[White "Shemilt, James Douglas"]
[Black "White, Geoffrey"]
[Result "1-0"]
[WhiteElo "865"]
[BlackElo "1104"]
[PlyCount "99"]
[EventDate "2015.??.??"]

1. d4 e6 2. c4 Bb4+ 3. Bd2 Bxd2+ 4. Qxd2 Nf6 5. Nf3 Qe7 6. Nc3 a5 7. Nb5 Na6 8.
Qxa5 d6 9. e3 c6 10. Nc3 O-O 11. Bd3 c5 12. dxc5 dxc5 13. Ne4 Nxe4 14. Bxe4 f5
15. Bd3 Bd7 16. Qc3 Nb4 17. a3 Bc6 18. Be2 Rfd8 19. O-O Bxf3 20. Bxf3 Rd3 21.
Qe5 Nc6 22. Bxc6 bxc6 23. Rfd1 Rad8 24. Rxd3 Rxd3 25. f3 Qd6 26. Qxd6 Rxd6 27.
Kf1 Rd2 28. Rb1 Rc2 29. b3 Kf7 30. a4 g5 31. Ra1 Rd2 32. Ra3 Ke7 33. a5 Rd7 34.
Ke2 Kd6 35. a6 Ra7 36. Kd3 h5 37. Kc3 Kc7 38. b4 Kb6 39. Ra5 cxb4+ 40. Kxb4
Rxa6 41. Rxa6+ Kxa6 42. Kc5 Kb7 43. Kd6 Kb6 44. Kxe6 Kc5 45. e4 fxe4 46. fxe4
Kxc4 47. e5 c5 48. Kf5 Kd5 49. e6 Kd6 50. Kf6 1-0

[Event "Dundee & Angus Minor"]
[Site "?"]
[Date "2015.10.11"]
[Round "4"]
[White "Mathieson, Liam"]
[Black "Dallas, Alastair P"]
[Result "0-1"]
[WhiteElo "786"]
[BlackElo "1129"]
[PlyCount "98"]
[EventDate "2015.??.??"]

1. d4 d5 2. e4 dxe4 3. f3 Nf6 4. fxe4 e6 5. Bg5 Be7 6. Bxf6 Bxf6 7. Nd2 Qxd4 8.
Ngf3 Qxb2 9. e5 Bxe5 10. Nxe5 Qxe5+ 11. Be2 Nc6 12. O-O O-O 13. Bd3 Qd4+ 14.
Kh1 f5 15. Nf3 Qf6 16. Bb5 Rd8 17. Qe2 Nd4 18. Nxd4 Rxd4 19. Rad1 c6 20. Rxd4
Qxd4 21. Bc4 Qf6 22. g4 b5 23. Rxf5 Qe7 24. Bb3 g6 25. Re5 c5 26. Bxe6+ Bxe6
27. Rxe6 Qb7+ 28. Kg1 c4 29. Qe5 Qd7 30. Rd6 Qxg4+ 31. Kf1 Rf8+ 32. Rf6 Qd1+
33. Kg2 Qxc2+ 34. Kh3 Qd3+ 35. Kh4 Rxf6 36. Qe8+ Kg7 37. Qe7+ Rf7 38. Qe5+ Kf8
39. Qh8+ Ke7 40. Qe5+ Kd7 41. Qxb5+ Kd6 42. Qa6+ Kd5 43. Qb5+ Ke6 44. Qc6+ Ke5
45. Qb5+ Qd5 46. Qb2+ Ke6 47. Qe2+ Kd6 48. Qe6+ Kxe6 49. a4 Qe4+ 0-1

[Event "Dundee & Angus Minor"]
[Site "?"]
[Date "2015.10.11"]
[Round "4"]
[White "Ridge, Benjamin"]
[Black "Mcculloch, Andrew"]
[Result "1-0"]
[WhiteElo "794"]
[BlackElo "1122"]
[PlyCount "51"]
[EventDate "2015.??.??"]

1. Nc3 e5 2. Nf3 Nc6 3. d4 exd4 4. Nxd4 Nf6 5. Bg5 Be7 6. e4 O-O 7. h4 d6 8.
Bxf6 Bxf6 9. Nf5 Ne7 10. g4 Nxf5 11. gxf5 Bxh4 12. Qh5 Qg5 13. Rxh4 Qxh5 14.
Rxh5 g6 15. Rg5 Re8 16. O-O-O Rd8 17. Bc4 Kg7 18. Nb5 Rd7 19. f4 a6 20. Nc3 b5
21. Bd5 Rb8 22. Bc6 Rd8 23. Nd5 Bd7 24. Bxd7 Rxd7 25. f6+ Kf8 26. Rh1 1-0

[Event "Dundee & Angus Minor"]
[Site "?"]
[Date "2015.10.11"]
[Round "4"]
[White "Morrison, John"]
[Black "Birkett, Derek"]
[Result "1-0"]
[WhiteElo "974"]
[BlackElo "1035"]
[PlyCount "80"]
[EventDate "2015.??.??"]

1. d4 d5 2. c4 Nf6 3. cxd5 Bf5 4. e3 Nxd5 5. Bc4 e6 6. Qf3 c6 7. e4 Nb6 8. exf5
Nxc4 9. fxe6 fxe6 10. Ne2 Be7 11. Qb3 b5 12. a4 Qd5 13. O-O O-O 14. Nbc3 Qf5
15. axb5 Nd6 16. b6 Nd7 17. bxa7 Nb5 18. Nxb5 cxb5 19. Ra5 Qe4 20. Qe3 Qd5 21.
Nc3 Qd6 22. Nxb5 Qb6 23. Bd2 h6 24. d5 e5 25. Qxb6 Nxb6 26. d6 Bd8 27. Nc7 Bxc7
28. dxc7 Nc8 29. Be3 Rf7 30. Rc1 Kf8 31. b4 Ke8 32. b5 Kd7 33. b6 Nxb6 34. Bxb6
Kc8 35. Rd1 Rd7 36. Rxd7 Kxd7 37. Rd5+ Kc6 38. Rd8 Kxb6 39. Rxa8 Kxc7 40. Re8
Kb7 1-0

[Event "Dundee & Angus Minor"]
[Site "?"]
[Date "2015.10.11"]
[Round "4"]
[White "Bridges, David"]
[Black "Mcmillan, Andrew"]
[Result "0-1"]
[WhiteElo "1240"]
[BlackElo "1022"]
[PlyCount "108"]
[EventDate "2015.??.??"]

1. d4 d5 2. c4 e6 3. Nf3 Nf6 4. Nc3 b6 5. e3 Bb7 6. Bd3 Nbd7 7. O-O dxc4 8.
Bxc4 c5 9. Bd3 e5 10. dxe5 Ng4 11. e6 fxe6 12. Bc4 Qf6 13. h3 Nge5 14. Nxe5
Nxe5 15. Bb5+ Nc6 16. e4 Be7 17. f4 O-O 18. e5 Qf7 19. Be3 Rfd8 20. Qb3 Nd4 21.
Bxd4 cxd4 22. Ne2 Bc5 23. Kh2 Qg6 24. Qg3 d3 25. Qxg6 hxg6 26. Nc3 d2 27. Rad1
Be3 28. Ra1 Rf8 29. g3 Bc5 30. Bc4 Rfe8 31. h4 Kh8 32. Kh3 Kh7 33. Rab1 Rad8
34. b4 Bd4 35. Nb5 Rd7 36. Nd6 Ree7 37. Rb3 b5 38. Bxb5 Rc7 39. Rd3 Rc2 40. Rd1
Bc3 41. a3 Rc1 42. R1xd2 Bxd2 43. Rxd2 Bf3 44. g4 Rc3 45. Bd3 Be2 46. Rxe2
Rxd3+ 47. Kg2 Rxa3 48. f5 gxf5 49. gxf5 exf5 50. Nxf5 Re6 51. Nd6 Rd3 52. Nf7
Kg8 53. Nd6 Rdxd6 54. exd6 Rxe2+ 0-1

[Event "Dundee & Angus Minor"]
[Site "?"]
[Date "2015.10.11"]
[Round "4"]
[White "Milton, Sean"]
[Black "Newton, David"]
[Result "1-0"]
[WhiteElo "1127"]
[BlackElo "610"]
[PlyCount "75"]
[EventDate "2015.??.??"]

1. b4 e5 2. Bb2 f6 3. e3 g6 4. b5 b6 5. Nf3 Bd6 6. Be2 Bb7 7. c4 e4 8. Nd4 Be5
9. Nc3 Bxd4 10. exd4 d5 11. O-O Ne7 12. Qb3 c6 13. c5 a5 14. a4 Qd7 15. Rae1
Nf5 16. Bg4 h5 17. Bxf5 Qxf5 18. d3 g5 19. dxe4 Qd7 20. exd5+ Kd8 21. dxc6 Nxc6
22. bxc6 Qxc6 23. Qxb6+ Qxb6 24. cxb6 Rb8 25. Ba3 Ba6 26. Be7+ Kd7 27. Bxf6
Rhc8 28. Nb5 Re8 29. Rxe8 Rxe8 30. d5 g4 31. f3 Rf8 32. fxg4 hxg4 33. g3 Bb7
34. d6 Ke6 35. Bc3 Ra8 36. Nc7+ Kxd6 37. Nxa8 Bxa8 38. Rf4 1-0

[Event "Dundee & Angus Minor"]
[Site "?"]
[Date "2015.10.11"]
[Round "4"]
[White "Mathieson, Robert"]
[Black "Dutta, Nandini"]
[Result "0-1"]
[WhiteElo "1114"]
[BlackElo "972"]
[PlyCount "64"]
[EventDate "2015.??.??"]

1. e4 e5 2. Nf3 Nc6 3. g3 Nf6 4. d3 d5 5. exd5 Nxd5 6. Bg2 Bc5 7. O-O O-O 8.
Re1 Re8 9. Nbd2 Bg4 10. Ne4 Bb6 11. c3 f5 12. Ned2 Nf6 13. Qc2 f4 14. gxf4 exf4
15. Ne4 Nxe4 16. dxe4 Qc8 17. Bxf4 Rf8 18. Bg3 Bxf3 19. Bxf3 Rxf3 20. Re2 Qg4
21. Rf1 Ne5 22. Qb3+ Kh8 23. Qd5 Nf7 24. Qxb7 Rg8 25. e5 Ng5 26. e6 Nh3+ 27.
Kg2 Nf4+ 28. Kh1 Nxe2 29. e7 Nxg3+ 30. hxg3 Qh3+ 31. Kg1 Rxg3+ 32. Qg2 Qxg2#
0-1

[Event "Dundee & Angus Minor"]
[Site "?"]
[Date "2015.10.11"]
[Round "4"]
[White "Paton, Lisa"]
[Black "Dearie, John"]
[Result "1-0"]
[WhiteElo "993"]
[BlackElo "783"]
[PlyCount "67"]
[EventDate "2015.??.??"]

1. d4 e6 2. Nf3 Bb4+ 3. c3 Be7 4. Bf4 Nc6 5. e3 a6 6. Bd3 d6 7. O-O e5 8. dxe5
dxe5 9. Nxe5 Nxe5 10. Bxe5 Bf6 11. Bd4 Nh6 12. h3 Bf5 13. Qc2 Bxd3 14. Qxd3 O-O
15. Nd2 Bxd4 16. exd4 g6 17. Nf3 Nf5 18. Rad1 Qd6 19. Rfe1 c5 20. Re4 Qf6 21.
Qd2 Nd6 22. Re2 Nc4 23. Qc2 Rae8 24. Rde1 Rxe2 25. Rxe2 cxd4 26. Nxd4 Nd6 27.
Nb3 Nf5 28. Nc5 Qb6 29. Nd7 Qa7 30. Nxf8 Kxf8 31. Kh1 Qb8 32. Qe4 Qc8 33. Qe5
b5 34. Qh8# 1-0

[Event "Dundee & Angus Minor"]
[Site "?"]
[Date "2015.10.11"]
[Round "5"]
[White "Doris, Peter J"]
[Black "Macmillan, Malcolm"]
[Result "1-0"]
[WhiteElo "1256"]
[BlackElo "1271"]
[PlyCount "137"]
[EventDate "2015.??.??"]

1. b3 b6 2. Bb2 Bb7 3. e3 d5 4. f4 e6 5. Nf3 Nc6 6. Bb5 a6 7. Be2 Nf6 8. O-O
Bc5 9. Na3 Ng4 10. Nd4 Qh4 11. Bxg4 h5 12. Bh3 e5 13. Nxc6 Bxc6 14. c4 exf4 15.
Qf3 O-O 16. Qxf4 Qe7 17. cxd5 Bxd5 18. Nc2 Rad8 19. Nd4 Bd6 20. Qf2 Be5 21. Nf5
Qf6 22. Bxe5 Qxe5 23. Nd4 c5 24. Nf3 Qb2 25. d4 Qxf2+ 26. Rxf2 Bxf3 27. Rxf3
cxd4 28. exd4 Rxd4 29. Raf1 g5 30. Bf5 Rd2 31. Bb1 Kg7 32. Rf5 f6 33. Re1 Rf7
34. Rf2 Rd6 35. Rfe2 f5 36. Re7 Rdf6 37. Rxf7+ Rxf7 38. Rd1 g4 39. Kf2 Kh6 40.
Rd6+ Kg5 41. g3 Rf6 42. Rxf6 Kxf6 43. Ke3 Kg5 44. b4 h4 45. a3 h3 46. Bc2 b5
47. Bb3 Kf6 48. Kf4 Kg6 49. Be6 Kf6 50. Bxf5 Ke7 51. Bc8 Kd6 52. Bxa6 Kd5 53.
Bxb5 Kd4 54. Kxg4 Kc3 55. Kxh3 Kb3 56. a4 Kxb4 57. g4 Kc5 58. g5 Kd6 59. Kg4
Ke7 60. h4 Kf7 61. Kf5 Kg7 62. h5 Kg8 63. Kf6 Kf8 64. g6 Kg8 65. h6 Kf8 66. a5
Kg8 67. a6 Kf8 68. a7 Kg8 69. a8=Q# 1-0

[Event "Dundee & Angus Minor"]
[Site "?"]
[Date "2015.10.11"]
[Round "5"]
[White "Dallas, Alastair P"]
[Black "Ridge, Benjamin"]
[Result "0-1"]
[WhiteElo "1129"]
[BlackElo "794"]
[PlyCount "64"]
[EventDate "2015.??.??"]

1. e4 e6 2. Nc3 d5 3. exd5 exd5 4. Qe2+ Be7 5. d4 Nf6 6. Bd2 Nc6 7. Nf3 Bf5 8.
a3 Bxc2 9. Be3 Bf5 10. Nh4 Qd7 11. Qf3 Bg4 12. Qg3 Bd6 13. f4 Qe6 14. h3 Nxd4
15. Rc1 Bf5 16. Nxf5 Nxf5 17. Qg4 Qxe3+ 18. Qe2 Qxe2+ 19. Bxe2 Bxf4 20. Rd1
Bg3+ 21. Kd2 Ne4+ 22. Nxe4 dxe4 23. Kc2 Ne3+ 24. Kb1 Nxd1 25. Bxd1 O-O-O 26.
Bg4+ Kb8 27. Rc1 Rhe8 28. Rc2 e3 29. Ka2 Rd2 30. Rc3 e2 31. Bxe2 Rexe2 32. Rxg3
Rxg2 0-1

[Event "Dundee & Angus Minor"]
[Site "?"]
[Date "2015.10.11"]
[Round "5"]
[White "Mcmillan, Andrew"]
[Black "Dutta, Oishani"]
[Result "1-0"]
[WhiteElo "1022"]
[BlackElo "840"]
[PlyCount "135"]
[EventDate "2015.??.??"]

1. e4 e5 2. Nf3 Nc6 3. Bc4 Be7 4. d3 d6 5. Nc3 Bg4 6. h3 Bh5 7. Be3 Nf6 8. g4
Bg6 9. Qd2 O-O 10. Rg1 Na5 11. Bb3 c6 12. h4 h6 13. g5 Nxb3 14. axb3 Nh5 15.
gxh6 Nf4 16. hxg7 Kxg7 17. Bxf4 exf4 18. h5 d5 19. hxg6 fxg6 20. Ne5 g5 21.
exd5 cxd5 22. Ne2 Bd6 23. Qc3 Qf6 24. Nf3 Qxc3+ 25. bxc3 Be7 26. Nxg5 Bxg5 27.
Rxg5+ Kf6 28. Rxd5 Rae8 29. f3 Re7 30. Rd4 Rfe8 31. Re4 Kg5 32. Rxe7 Rxe7 33.
Rxa7 Kh4 34. Kf2 Rf7 35. Ra4 Kg5 36. d4 Kg6 37. d5 Kg7 38. Rd4 Rc7 39. d6 Rd7
40. Nxf4 Kf6 41. Ke3 Ke5 42. Re4+ Kxd6 43. Rd4+ Ke7 44. Rxd7+ Kxd7 45. Ke4 Ke8
46. Nd5 Kd7 47. Ke5 b5 48. f4 Ke8 49. Ke6 Kf8 50. Kf6 Ke8 51. Kg7 Kd7 52. f5
Kd6 53. f6 Kxd5 54. f7 b4 55. f8=Q bxc3 56. Qf4 Ke6 57. b4 Kd7 58. Qe4 Kc7 59.
Qd4 Kc6 60. b5+ Kxb5 61. Qxc3 Kb6 62. Kf7 Kb7 63. Ke6 Kb6 64. Kd7 Kb5 65. Kd6
Kb6 66. Qb4+ Ka6 67. Kc6 Ka7 68. Qb7# 1-0

[Event "Dundee & Angus Minor"]
[Site "?"]
[Date "2015.10.11"]
[Round "5"]
[White "Dabholkar, Atharva"]
[Black "Smith, Mark"]
[Result "0-1"]
[WhiteElo "933"]
[BlackElo "1178"]
[PlyCount "48"]
[EventDate "2015.??.??"]

1. d4 e6 2. e4 d5 3. Nc3 Bb4 4. exd5 exd5 5. Bd2 Nf6 6. Bd3 c5 7. dxc5 Bxc5 8.
Qe2+ Be6 9. Nf3 O-O 10. O-O-O Re8 11. Rde1 d4 12. Nb1 Bxa2 13. Qd1 Nc6 14.
Rxe8+ Nxe8 15. h4 Nf6 16. Bg5 h6 17. Bxf6 Qxf6 18. Re1 Bd6 19. Nbd2 Rc8 20. g4
Nb4 21. Be4 d3 22. c3 Rxc3+ 23. bxc3 Qxc3+ 24. Qc2 Qxc2# 0-1

[Event "Dundee & Angus Minor"]
[Site "?"]
[Date "2015.10.11"]
[Round "5"]
[White "McLeod, Robbie"]
[Black "Bridges, David"]
[Result "0-1"]
[WhiteElo "1043"]
[BlackElo "1240"]
[PlyCount "66"]
[EventDate "2015.??.??"]

1. d4 Nf6 2. e3 g6 3. Nf3 Bg7 4. Bd3 O-O 5. O-O d5 6. h3 Nbd7 7. Nbd2 c5 8. c3
c4 9. Bc2 b5 10. e4 dxe4 11. Nxe4 Bb7 12. Nxf6+ Bxf6 13. Re1 Re8 14. Be4 Bxe4
15. Rxe4 Nb6 16. b3 Qd5 17. Qc2 Qf5 18. Qe2 Nd5 19. Bd2 a6 20. bxc4 bxc4 21.
Rb1 Rab8 22. Rxb8 Rxb8 23. g4 Qc8 24. Bg5 Nxc3 25. Qe1 Nxe4 26. Qxe4 Bxg5 27.
Nxg5 Qe8 28. h4 c3 29. h5 h6 30. Nh3 Rc8 31. Qc2 e5 32. dxe5 gxh5 33. gxh5 Qxe5
0-1